[Event "Canadian op"]
[Site "Toronto"]
[Date "2010.07.13"]
[Round "4"]
[White "Itkin, David"]
[Black "Kret, Ted"]
[Result "1-0"]
[WhiteElo "1781"]
[BlackElo "2117"]
[PlyCount "67"]
[EventDate "2010.07.10"]
[EventType "swiss"]
[EventRounds "9"]
[EventCountry "CAN"]
[SourceTitle "CBM 137 Extra"]
[Source "ChessBase"]
[SourceDate "2010.09.01"]
[SourceVersion "1"]
[SourceVersionDate "2010.09.01"]
[SourceQuality "1"]

1. e4 e6 2. d4 d5 3. Nc3 Nf6 4. Bg5 Be7 5. e5 Nfd7 6. h4 c5 7. Bxe7 Qxe7 8. Nb5 0-0 9. Nc7 Nc6 10. Nxa8 cxd4 11. Nc7 f6 12. Qe2 fxe5 13. 0-0-0 a6 14. Nf3 Qd6 15. Nxe6 Qxe6 16. g3 Qd6 17. Bg2 Nc5 18. Bh3 Na4 19. Ng5 Bxh3 20. Rxh3 h6 21. Qh5 d3 22. Rxd3 Qb4 23. Qg6 Qxb2+ 24. Kd2 Qb4+ 25. Kc1 hxg5 26. hxg5 Rxf2 27. Qe6+ Rf7 28. g6 Qe1+ 29. Rd1 Qe3+ 30. Rd2 Qa3+ 31. Kd1 Nb2+ 32. Kc1 Nc4+ 33. Kd1 Ne3+ 34. Ke2 1-0

[Event "Canadian op"]
[Site "Toronto"]
[Date "2010.07.10"]
[Round "1"]
[White "Kret, Ted"]
[Black "Haessel, Dale R"]
[Result "1/2-1/2"]
[WhiteElo "2117"]
[BlackElo "2243"]
[PlyCount "159"]
[EventDate "2010.07.10"]
[EventType "swiss"]
[EventRounds "9"]
[EventCountry "CAN"]
[SourceTitle "CBM 137 Extra"]
[Source "ChessBase"]
[SourceDate "2010.09.01"]
[SourceVersion "1"]
[SourceVersionDate "2010.09.01"]
[SourceQuality "1"]

1. d4 Nf6 2. c4 g6 3. Nc3 d5 4. g3 Bg7 5. Bg2 dxc4 6. Nf3 c6 7. a4 0-0 8. 0-0 Nd5 9. Re1 Nd7 10. Bf1 e5 11. e4 exd4 12. exd5 dxc3 13. bxc3 Bxc3 14. Bh6 cxd5 15. Re3 Bg7 16. Bxg7 Kxg7 17. Qxd5 Nb6 18. Qc5 Qf6 19. Rae1 Bg4 20. Nd2 Rac8 21. Qa5 Qc6 22. Bg2 Qxa4 23. Qc3+ Kg8 24. Bxb7 Rc7 25. Ne4 Nd7 26. Nd6 Be6 27. Bg2 Qb3 28. Qa1 c3 29. Rc1 Qb2 30. Be4 Rb8 31. Qxb2 Rxb2 32. Rexc3 Rxc3 33. Rxc3 Nf6 34. Ra3 Rb6 35. Rd3 Nxe4 36. Nxe4 Bh3 37. f3 Bf5 38. Ra3 Bxe4 39. fxe4 a6 40. Kg2 Kf8 41. Kf3 Ke7 42. Kf4 Ke6 43. g4 f6 44. h4 Kd6 45. g5 Ke6 46. gxf6 Kxf6 47. Ra5 h6 48. Rc5 Ke6 49. Rd5 Rb8 50. Ra5 Ra8 51. e5 Ra7 52. Ke4 g5 53. hxg5 hxg5 54. Ra1 g4 55. Rg1 Rb7 56. Ra1 Rb4+ 57. Ke3 Rb6 58. Ke4 g3 59. Ra3 g2 60. Ra1 a5 61. Kf3 Rb2 62. Kg3 Ra2 63. Re1 a4 64. Kh2 Rb2 65. Ra1 Rb4 66. Kxg2 Kxe5 67. Kf2 Kd4 68. Ra3 Kc4 69. Ke2 Rb2+ 70. Kd1 Kb4 71. Rh3 Rb3 72. Rh4+ Ka3 73. Kc1 Rg3 74. Kc2 Rg8 75. Kb1 Rb8+ 76. Ka1 Rb3 77. Rh2 Rg3 78. Ra2+ Kb3 79. Rb2+ Kc3 80. Ka2 1/2-1/2

[Event "Guelph op"]
[Site "Guelph"]
[Date "2005.08.01"]
[Round "9"]
[White "Plotkin, Victor"]
[Black "Kret, Ted"]
[Result "0-1"]
[WhiteElo "2192"]
[BlackElo "2151"]
[PlyCount "102"]
[EventDate "2005.07.28"]
[EventType "swiss"]
[EventRounds "9"]
[EventCountry "CAN"]
[SourceTitle "CBM 107 Extra"]
[Source "ChessBase"]
[SourceDate "2005.09.01"]
[SourceVersion "1"]
[SourceVersionDate "2005.09.01"]
[SourceQuality "1"]

1. e4 e6 2. d4 d5 3. Nd2 Nf6 4. e5 Nfd7 5. Ngf3 c5 6. c3 Nc6 7. Nb3 Qb6 8. Be2 a5 9. Rb1 a4 10. Nxc5 Nxc5 11. dxc5 Bxc5 12. 0-0 Bd7 13. Bf4 h6 14. Bd3 g5 15. Bg3 g4 16. Nd2 h5 17. Bf4 Qa7 18. b4 Bb6 19. c4 Bd4 20. Qe2 Kf8 21. Kh1 Kg7 22. f3 g3 23. Bxg3 h4 24. Bf4 Rh5 25. cxd5 exd5 26. Bb5 Rf5 27. g3 Rh8 28. Qd3 hxg3 29. Bxg3 Rfh5 30. Bxc6 bxc6 31. Qe2 Bh3 32. Rfd1 Bf5 33. Rbc1 Bf2 34. Nf1 Bxg3 35. Nxg3 Rxh2+ 36. Qxh2 Rxh2+ 37. Kxh2 Qf2+ 38. Kh1 Bg4 39. Rd3 Bxf3+ 40. Rxf3 Qxf3+ 41. Kh2 d4 42. Rg1 Qf4 43. Rd1 Kf8 44. e6 Qh6+ 45. Kg2 Qxe6 46. Rxd4 Qxa2+ 47. Kf3 Qc2 48. Kg4 Qg6+ 49. Kf4 Qh6+ 50. Kf3 Qf6+ 51. Ke4 Qh4+ 0-1

[Event "Guelph op"]
[Site "Guelph"]
[Date "2005.07.31"]
[Round "8"]
[White "Kret, Ted"]
[Black "Henry, Liam"]
[Result "1-0"]
[WhiteElo "2151"]
[BlackElo "2115"]
[PlyCount "35"]
[EventDate "2005.07.28"]
[EventType "swiss"]
[EventRounds "9"]
[EventCountry "CAN"]
[SourceTitle "CBM 107 Extra"]
[Source "ChessBase"]
[SourceDate "2005.09.01"]
[SourceVersion "1"]
[SourceVersionDate "2005.09.01"]
[SourceQuality "1"]

1. d4 Nf6 2. c4 g6 3. Nc3 Bg7 4. e4 d6 5. f4 0-0 6. Nf3 c5 7. d5 e6 8. Be2 exd5 9. cxd5 Bg4 10. 0-0 Nbd7 11. Re1 Re8 12. h3 Bxf3 13. Bxf3 Qa5 14. Be3 b5 15. a3 Nb6 16. Qc2 Nfxd5 17. Nxd5 Nxd5 18. Bd2 1-0

[Event "Guelph op"]
[Site "Guelph"]
[Date "2005.07.30"]
[Round "6"]
[White "Kret, Ted"]
[Black "Tayar, Jonathan"]
[Result "0-1"]
[WhiteElo "2151"]
[BlackElo "2160"]
[PlyCount "74"]
[EventDate "2005.07.28"]
[EventType "swiss"]
[EventRounds "9"]
[EventCountry "CAN"]
[SourceTitle "CBM 107 Extra"]
[Source "ChessBase"]
[SourceDate "2005.09.01"]
[SourceVersion "1"]
[SourceVersionDate "2005.09.01"]
[SourceQuality "1"]

1. d4 Nf6 2. c4 g6 3. Nc3 Bg7 4. e4 d6 5. f4 0-0 6. Nf3 c5 7. d5 e6 8. Be2 exd5 9. cxd5 Bg4 10. 0-0 Nbd7 11. Re1 Re8 12. h3 Bxf3 13. Bxf3 Qa5 14. Be3 b5 15. Qc2 b4 16. Ne2 Qb6 17. Bf2 a5 18. Rad1 a4 19. Qb1 Rac8 20. g4 h6 21. Kg2 Qa6 22. h4 Nh7 23. g5 h5 24. Ng3 c4 25. Be2 Qa5 26. Rc1 c3 27. bxc3 bxc3 28. Qd3 Nc5 29. Qf3 Nf8 30. Bd1 Nfd7 31. Bc2 Rb8 32. e5 dxe5 33. f5 e4 34. Nxe4 Ne5 35. Qe3 Nxe4 36. Qxe4 Rb4 37. Bd4 gxf5 0-1

[Event "CAN-ch"]
[Site "Toronto"]
[Date "2004.08.21"]
[Round "2"]
[White "Kret, Ted"]
[Black "Lipnowski, Samuel"]
[Result "1/2-1/2"]
[WhiteElo "2142"]
[BlackElo "2288"]
[PlyCount "62"]
[EventDate "2004.08.20"]
[EventType "swiss"]
[EventRounds "9"]
[EventCountry "CAN"]
[SourceTitle "CBM 101 Extra"]
[Source "ChessBase"]
[SourceDate "2004.09.01"]
[SourceVersion "2"]
[SourceVersionDate "2004.09.01"]
[SourceQuality "1"]

1. d4 f5 2. g4 fxg4 3. h3 g3 4. fxg3 g6 5. Bf4 Bg7 6. Nc3 Nf6 7. e4 Nh5 8. Bc4 Nxf4 9. gxf4 e6 10. Nf3 0-0 11. Qd2 Qf6 12. Ne2 Bh6 13. e5 Qf7 14. 0-0-0 Bxf4 15. Nxf4 Qxf4 16. Rdf1 Nc6 17. h4 b6 18. h5 Bb7 19. hxg6 hxg6 20. Rh4 Qxd2+ 21. Kxd2 Ne7 22. Ng5 Rxf1 23. Bxf1 Nf5 24. Rh7 Bc6 25. Bd3 Rf8 26. c3 a5 27. Rh2 Kg7 28. Rh7+ Kg8 29. Rh2 Kg7 30. Rh7+ Kg8 31. Rh2 Kg7 1/2-1/2

[Event "CAN-ch"]
[Site "Toronto"]
[Date "2004.08.20"]
[Round "1"]
[White "Smith, Hazel"]
[Black "Kret, Ted"]
[Result "1/2-1/2"]
[WhiteElo "2043"]
[BlackElo "2142"]
[PlyCount "154"]
[EventDate "2004.08.20"]
[EventType "swiss"]
[EventRounds "9"]
[EventCountry "CAN"]
[SourceTitle "CBM 101 Extra"]
[Source "ChessBase"]
[SourceDate "2004.09.01"]
[SourceVersion "2"]
[SourceVersionDate "2004.09.01"]
[SourceQuality "1"]

1. e4 e6 2. d4 d5 3. Nd2 Nf6 4. e5 Nfd7 5. Bd3 c5 6. c3 Nc6 7. Ne2 cxd4 8. cxd4 f6 9. exf6 Nxf6 10. Nf3 Bd6 11. 0-0 Qc7 12. h3 0-0 13. Bg5 a6 14. Rc1 Bd7 15. Qc2 Be8 16. a3 Kh8 17. Rfe1 Bh5 18. Nd2 Bxe2 19. Bxe2 Qb6 20. Nf3 Nxd4 21. Nxd4 Qxd4 22. Bd3 h6 23. Rxe6 hxg5 24. Rxd6 Rae8 25. Bg6 Ne4 26. Bxe4 Rxe4 27. Rd1 Qe5 28. R6xd5 Re1+ 29. Rxe1 Qxe1+ 30. Kh2 Qxf2 31. Qxf2 Rxf2 32. b4 Ra2 33. Rd3 Kh7 34. Kg3 Kg6 35. Kf3 Kf5 36. Rd5+ Kf6 37. Ra5 Rb2 38. g3 Kg6 39. Kg4 Rb3 40. Rxg5+ Kh6 41. Ra5 Kg6 42. h4 Kh6 43. Kf4 Rc3 44. h5 Rc4+ 45. Kf3 Rc3+ 46. Kg4 Rc4+ 47. Kh3 Rc3 48. Kh4 g6 49. hxg6 Kxg6 50. Rg5+ Kh6 51. a4 Rb3 52. Rg4 Rb1 53. Rf4 Kg6 54. a5 Rb2 55. Kg4 Rb3 56. Re4 Kf6 57. Kf4 Rb1 58. g4 Rf1+ 59. Ke3 Rd1 60. Rd4 Rc1 61. Kd3 Ke5 62. Rc4 Rd1+ 63. Ke3 Rb1 64. Kf3 Rb3+ 65. Ke2 Kd5 66. Rf4 Ke5 67. Rf5+ Ke6 68. b5 axb5 69. Kf2 b4 70. Rb5 Ra3 71. Rxb4 Rxa5 72. Rxb7 Ra3 73. Rb5 Kf6 74. Rf5+ Kg6 75. Kg2 Rb3 76. Rc5 Ra3 77. Kf2 Rb3 1/2-1/2

[Event "Guelph op 3rd"]
[Site "Guelph"]
[Date "2004.07.31"]
[Round "5"]
[White "Kret, Ted"]
[Black "MacPhail, John"]
[Result "0-1"]
[WhiteElo "2143"]
[BlackElo "2339"]
[PlyCount "70"]
[EventDate "2004.07.28"]
[EventType "swiss"]
[EventRounds "9"]
[EventCountry "CAN"]
[SourceTitle "CBM 101 Extra"]
[Source "ChessBase"]
[SourceDate "2004.09.01"]
[SourceVersion "2"]
[SourceVersionDate "2004.09.01"]
[SourceQuality "1"]

1. d4 Nf6 2. c4 e6 3. Nc3 Bb4 4. e3 0-0 5. Bd3 d5 6. Nf3 c5 7. 0-0 cxd4 8. exd4 dxc4 9. Bxc4 b6 10. Bg5 Bb7 11. Ne5 Nbd7 12. Rc1 Nxe5 13. dxe5 Qxd1 14. Rfxd1 Bxc3 15. bxc3 Ne4 16. Be7 Rfc8 17. Rd4 Rc7 18. Bd6 Nxd6 19. exd6 Rc5 20. f4 Rac8 21. Re1 g6 22. Bxe6 fxe6 23. Rxe6 Rd8 24. Re7 Bd5 25. d7 Bf7 26. g4 Kf8 27. Re3 Rc7 28. Rh3 Bg8 29. Rhd3 Bxa2 30. f5 gxf5 31. gxf5 Bc4 32. Rg3 b5 33. f6 Rcxd7 34. Rdg4 Rd1+ 35. Kg2 R8d2+ 0-1

[Event "Guelph op 3rd"]
[Site "Guelph"]
[Date "2004.07.29"]
[Round "2"]
[White "Kret, Ted"]
[Black "Lapshun, Yury"]
[Result "0-1"]
[WhiteElo "2143"]
[BlackElo "2444"]
[PlyCount "38"]
[EventDate "2004.07.28"]
[EventType "swiss"]
[EventRounds "9"]
[EventCountry "CAN"]
[SourceTitle "CBM 101 Extra"]
[Source "ChessBase"]
[SourceDate "2004.09.01"]
[SourceVersion "2"]
[SourceVersionDate "2004.09.01"]
[SourceQuality "1"]

1. d4 Nf6 2. c4 c5 3. d5 e6 4. Nc3 exd5 5. cxd5 Bd6 6. g3 0-0 7. Bg2 Re8 8. e4 b5 9. Bg5 Nxe4 10. Bxd8 Nxc3+ 11. Ne2 Nxd1 12. Kxd1 Rxd8 13. Nc3 a6 14. Re1 Bb7 15. Rc1 Bf8 16. Rc2 d6 17. Rce2 Nd7 18. g4 Ne5 19. g5 Nd3 0-1

[Event "Guelph op 3rd"]
[Site "Guelph"]
[Date "2004.07.28"]
[Round "1"]
[White "Hamilton, Robert"]
[Black "Kret, Ted"]
[Result "0-1"]
[WhiteElo "2349"]
[BlackElo "2143"]
[PlyCount "52"]
[EventDate "2004.07.28"]
[EventType "swiss"]
[EventRounds "9"]
[EventCountry "CAN"]
[SourceTitle "CBM 101 Extra"]
[Source "ChessBase"]
[SourceDate "2004.09.01"]
[SourceVersion "2"]
[SourceVersionDate "2004.09.01"]
[SourceQuality "1"]

1. d4 Nf6 2. c4 g6 3. Nc3 Bg7 4. Bg5 c5 5. dxc5 Qa5 6. Qd2 Na6 7. a3 Nxc5 8. Bxf6 Bxf6 9. b4 Na4 10. Nd5 Qxd5 11. Qxd5 Bxa1 12. f4 a5 13. Kf2 axb4 14. axb4 0-0 15. e4 Nc3 16. Qd3 Ra2+ 17. Ne2 d5 18. cxd5 Bg4 19. h3 Nxe2 20. Bxe2 Bxe2 21. Qe3 Rfa8 22. Re1 R8a3 23. Rxa1 Rxa1 24. Qb6 Bc4 25. g3 R1a2+ 26. Kg1 Rb2 0-1

[Event "Toronto Remembrance Day op"]
[Site "Toronto"]
[Date "2002.11.08"]
[Round "1"]
[White "Kret, Ted"]
[Black "Leung, Victor"]
[Result "1-0"]
[WhiteElo "2217"]
[BlackElo "1998"]
[PlyCount "63"]
[EventDate "2002.11.08"]
[EventType "swiss"]
[EventRounds "5"]
[EventCountry "CAN"]
[SourceTitle "EXT 2007"]
[Source "ChessBase"]
[SourceDate "2006.11.23"]
[SourceVersion "1"]
[SourceVersionDate "2006.11.23"]
[SourceQuality "1"]

1. d4 Nf6 2. c4 g6 3. Nc3 d5 4. cxd5 Nxd5 5. e4 Nxc3 6. bxc3 Bg7 7. Nf3 0-0 8. Rb1 c5 9. Be2 cxd4 10. cxd4 Qa5+ 11. Bd2 Qxa2 12. 0-0 Qe6 13. Re1 Qd7 14. h4 Nc6 15. d5 Ne5 16. Nxe5 Bxe5 17. h5 a6 18. Bh6 Re8 19. f4 Bh8 20. hxg6 fxg6 21. Bc4 b5 22. Ba2 e6 23. f5 gxf5 24. exf5 Bg7 25. Qg4 Qa7+ 26. Be3 exf5 27. Bxa7 Rxe1+ 28. Rxe1 fxg4 29. d6+ Kf8 30. d7 Bd4+ 31. Bxd4 Bxd7 32. Bc5+ 1-0

[Event "Guelph op"]
[Site "Guelph"]
[Date "2002.08.10"]
[Round "7"]
[White "Dougherty, Michael J"]
[Black "Kret, Ted"]
[Result "0-1"]
[WhiteElo "2320"]
[BlackElo "2124"]
[PlyCount "34"]
[EventDate "2002.08.07"]
[EventType "swiss"]
[EventRounds "9"]
[EventCountry "CAN"]
[SourceTitle "CBM 089 Extra"]
[Source "ChessBase"]
[SourceDate "2002.09.10"]
[SourceVersion "2"]
[SourceVersionDate "2002.09.10"]
[SourceQuality "1"]

1. d4 Nf6 2. c4 g6 3. Nc3 Bg7 4. e4 d6 5. Nf3 0-0 6. Be2 e5 7. 0-0 exd4 8. Nxd4 Re8 9. f3 c6 10. Kh1 Na6 11. Bg5 Nc5 12. b4 Ne6 13. Be3 a5 14. b5 Nxd4 15. Bxd4 c5 16. Be3 Ng4 17. Bd2 Nxh2 0-1

[Event "Guelph op"]
[Site "Guelph"]
[Date "2002.08.07"]
[Round "1"]
[White "Hamilton, Robert"]
[Black "Kret, Ted"]
[Result "1-0"]
[WhiteElo "2304"]
[BlackElo "2124"]
[PlyCount "77"]
[EventDate "2002.08.07"]
[EventType "swiss"]
[EventRounds "9"]
[EventCountry "CAN"]
[SourceTitle "CBM 089 Extra"]
[Source "ChessBase"]
[SourceDate "2002.09.10"]
[SourceVersion "2"]
[SourceVersionDate "2002.09.10"]
[SourceQuality "1"]

1. d4 Nf6 2. c4 g6 3. Nc3 Bg7 4. e4 0-0 5. f3 a5 6. Be3 d6 7. Bd3 e5 8. Nge2 exd4 9. Nxd4 c6 10. 0-0 Re8 11. Bf2 Nbd7 12. Re1 Nh5 13. Qd2 Ne5 14. Bf1 a4 15. b3 Bd7 16. Nxa4 c5 17. Nb5 Bxb5 18. cxb5 Nxf3+ 19. gxf3 Bxa1 20. Rxa1 Qf6 21. Qc3 Re5 22. Kh1 Rae8 23. Nb6 Qg5 24. Nd5 f5 25. f4 Nxf4 26. Nxf4 Qxf4 27. Bg3 Qxe4+ 28. Bg2 Qd4 29. Qxd4 cxd4 30. Bxe5 dxe5 31. Bxb7 d3 32. Bc6 Rd8 33. Kg2 e4 34. a4 d2 35. Rd1 e3 36. Kf3 Rd3 37. Ke2 Rc3 38. Bd5+ Kg7 39. b6 1-0

[Event "Toronto Canada Day op"]
[Site "Toronto"]
[Date "2002.06.29"]
[Round "2"]
[White "Kret, Ted"]
[Black "Findlay, Ian T"]
[Result "0-1"]
[WhiteElo "2163"]
[BlackElo "2391"]
[PlyCount "58"]
[EventDate "2002.06.29"]
[EventType "swiss"]
[EventRounds "6"]
[EventCountry "CAN"]
[SourceTitle "EXT 2022"]
[Source "ChessBase"]
[SourceDate "2021.10.06"]
[SourceVersion "1"]
[SourceVersionDate "2021.10.06"]
[SourceQuality "1"]

1. d4 Nf6 2. c4 c5 3. d5 e6 4. Nc3 exd5 5. cxd5 d6 6. e4 g6 7. f4 Bg7 8. Nf3 0-0 9. Be2 Re8 10. e5 dxe5 11. fxe5 Ng4 12. Bg5 Qb6 13. 0-0 c4+ 14. Kh1 Nd7 15. e6 fxe6 16. dxe6 Ndf6 17. h3 Qxb2 18. Na4 Nf2+ 19. Rxf2 Ne4 20. Rf1 Ng3+ 21. Kg1 Qxa1 22. Bxc4 Nxf1 23. e7+ Kh8 24. Qxa1 Bxa1 25. Kxf1 Bd7 26. Nc5 Rac8 27. Nxd7 Rxc4 28. Nde5 Bxe5 29. Nxe5 Re4 0-1

[Event "CAN-ch zt"]
[Site "Richmond"]
[Date "2002.03.24"]
[Round "5"]
[White "Gardner, Robert"]
[Black "Kret, Ted"]
[Result "1-0"]
[WhiteElo "2206"]
[BlackElo "2096"]
[PlyCount "69"]
[EventDate "2002.03.21"]
[EventType "swiss"]
[EventRounds "11"]
[EventCountry "CAN"]
[SourceTitle "CBM 088"]
[Source "ChessBase"]
[SourceDate "2002.03.21"]
[SourceVersion "1"]
[SourceVersionDate "2002.03.21"]
[SourceQuality "1"]

1. f4 c5 2. Nf3 Nc6 3. g3 g6 4. Bg2 Bg7 5. e4 d6 6. d3 b5 7. 0-0 Nh6 8. h3 0-0 9. g4 Kh8 10. f5 Ng8 11. Qe1 e6 12. c3 Rb8 13. Bg5 Qc7 14. Nh4 h6 15. Be3 g5 16. Nf3 Nf6 17. Qg3 c4 18. h4 cxd3 19. hxg5 hxg5 20. Nxg5 Kg8 21. Nh3 Ne8 22. g5 Be5 23. Bf4 b4 24. Qxd3 bxc3 25. bxc3 Bxf4 26. Rxf4 Qb6+ 27. Nf2 exf5 28. exf5 Ng7 29. Nd2 Ne5 30. Qh3 Nxf5 31. Rxf5 Kg7 32. Qh6+ Kg8 33. Nde4 Ng4 34. Nf6+ Nxf6 35. gxf6 1-0

[Event "CAN-ch zt"]
[Site "Richmond"]
[Date "2002.03.23"]
[Round "3"]
[White "Mayo, Alvah Morrison"]
[Black "Kret, Ted"]
[Result "0-1"]
[WhiteElo "2106"]
[BlackElo "2096"]
[PlyCount "124"]
[EventDate "2002.03.21"]
[EventType "swiss"]
[EventRounds "11"]
[EventCountry "CAN"]
[SourceTitle "CBM 088"]
[Source "ChessBase"]
[SourceDate "2002.03.21"]
[SourceVersion "1"]
[SourceVersionDate "2002.03.21"]
[SourceQuality "1"]

1. e4 e6 2. d3 d5 3. Nd2 c5 4. g3 Nc6 5. Bg2 Nf6 6. f4 Be7 7. e5 Nd7 8. Ngf3 b5 9. 0-0 0-0 10. Re1 a5 11. Nf1 b4 12. g4 Qc7 13. Be3 Ba6 14. Bf2 Rfc8 15. Rc1 a4 16. Bg3 b3 17. axb3 axb3 18. c3 Qb6 19. f5 Bxd3 20. Qxd3 c4+ 21. Bf2 Qxf2+ 22. Kxf2 cxd3 23. N1d2 Nc5 24. Ke3 Nxe5 25. fxe6 fxe6 26. g5 Ra4 27. Kf2 Nxf3 28. Nxf3 Rf8 29. Rcd1 Bxg5 30. Kg1 Bf6 31. Kh1 Rfa8 32. Nd2 Rf4 33. Rxe6 Nxe6 34. Bxd5 Re8 35. Re1 Kf7 36. Nc4 Rxc4 37. Bxc4 d2 38. Rd1 Bg5 39. Bxb3 Rb8 40. Rf1+ Bf6 41. Bd1 Rxb2 42. Kg2 Rb5 43. c4 Re5 44. Rf2 Re4 45. Rxd2 Rxc4 46. Bb3 Rb4 47. Rd7+ Be7 48. Rd3 Kf6 49. Re3 Nf4+ 50. Kf3 Bd6 51. Bg8 h5 52. Re1 g5 53. Ra1 g4+ 54. Ke3 Bc5+ 55. Kd2 Bd4 56. Rf1 Kg5 57. Bh7 h4 58. Be4 Rb2+ 59. Bc2 g3 60. hxg3 hxg3 61. Rd1 g2 62. Kc1 Rb4 0-1

[Event "CAN-ch zt"]
[Site "Richmond"]
[Date "2002.03.22"]
[Round "2"]
[White "Haessel, Dale R"]
[Black "Kret, Ted"]
[Result "1-0"]
[WhiteElo "2201"]
[BlackElo "2096"]
[PlyCount "73"]
[EventDate "2002.03.21"]
[EventType "swiss"]
[EventRounds "11"]
[EventCountry "CAN"]
[SourceTitle "CBM 088"]
[Source "ChessBase"]
[SourceDate "2002.03.21"]
[SourceVersion "1"]
[SourceVersionDate "2002.03.21"]
[SourceQuality "1"]

1. c4 Nf6 2. g3 g6 3. Bg2 Bg7 4. Nc3 0-0 5. e4 d6 6. Nge2 c6 7. 0-0 a6 8. a4 Nbd7 9. f4 Rb8 10. d4 e5 11. a5 b6 12. dxe5 dxe5 13. f5 bxa5 14. Qc2 Qb6+ 15. Kh1 Ng4 16. Ng1 Nc5 17. h3 Nb3 18. Ra3 Nxc1 19. hxg4 Nb3 20. Nge2 Rd8 21. Na4 Rd2 22. Rxb3 Qd8 23. Qxd2 Qxd2 24. Rxb8 Qxe2 25. Rxc8+ Bf8 26. Nc5 Qd2 27. Rf3 gxf5 28. gxf5 Kg7 29. Rxc6 a4 30. f6+ Kg6 31. Nd3 Kh5 32. Kh2 a5 33. Rf5+ Kh6 34. Nxe5 Qxb2 35. Nxf7+ Kg6 36. Ne5+ Kh6 37. f7+ 1-0

[Event "Kitchener Masters"]
[Site "Kitchener"]
[Date "2001.09.23"]
[Round "6"]
[White "Jung, Hans Rudolf"]
[Black "Kret, Ted"]
[Result "1-0"]
[WhiteElo "2291"]
[BlackElo "2219"]
[PlyCount "65"]
[EventDate "2001.09.15"]
[EventType "tourn"]
[EventRounds "9"]
[EventCountry "CAN"]
[SourceTitle "EXT 2022"]
[Source "ChessBase"]
[SourceDate "2021.10.06"]
[SourceVersion "1"]
[SourceVersionDate "2021.10.06"]
[SourceQuality "1"]

1. Nf3 Nf6 2. b3 e6 3. Bb2 Be7 4. e3 b6 5. d4 Bb7 6. Bd3 d5 7. 0-0 0-0 8. Ne5 c5 9. a3 Nbd7 10. f4 Nxe5 11. fxe5 Ne4 12. Qg4 Bg5 13. Qh3 Bh6 14. Bxe4 dxe4 15. Nd2 Qg5 16. Rf4 Qg6 17. Rf2 Ba6 18. c4 Rad8 19. Nf1 Bc8 20. Re1 f6 21. exf6 cxd4 22. exd4 e5 23. Qh4 gxf6 24. Qxe4 f5 25. Qxe5 Rfe8 26. Qc7 Rd7 27. Rxe8+ Qxe8 28. Qc6 Bg5 29. Rxf5 Be3+ 30. Nxe3 Qxe3+ 31. Rf2 Rf7 32. Qxc8+ Kg7 33. d5+ 1-0